000 01133nam a2200337 c 4500
999 _c83102
_d83102
003 BLK
005 20220225124900.0
008 180408b bul|||||r ||||||| ||bul||
010 _aKNG00087645000
020 _a954-798-022-Х
040 _aBLK
041 _aBUL
_cBUL
072 7 _2bullib
_aК
_xКраезнание
080 _aБългарска литература
_b821.163.2
_x-1
_z821.163.2-1
100 1 _aКоларова, Румена
_eпърви автор
_9267225
139 _aКоларова, Румена
_bК 77
245 1 0 _aГарвани
_cРумена Коларова.
257 _aBGR
260 _bБул-Корени
_c2005
_fСофия : Изток-Запад
300 _a48 с.
_bс ил.
_c20 см
380 _aX
490 1 _aПоредица Нестинарска жарава
_v3
500 _aОфс. изд.
653 _aстихотворения
659 _aК
852 _aЦб 242687
852 _aК 821.163.2/К 77 Р
856 4 _qpdf
856 4 _qpdf
942 _cKNG
_n0
_s1
944 _aCR
_c04.02.2009
_lф /
_kЛюдмила_Стоянова
944 _aED
_c05.06.2009
_lф /
999 _d83102